[Event "GBR-ch110 Major Open"]
[Site "Hull"]
[Date "2024.07.30"]
[Round "4.15"]
[White "Leung, Hao Ran"]
[Black "Chan, Sheng Liang Bernard"]
[Result "1/2-1/2"]
[WhiteElo "1910"]
[BlackElo "2096"]
[PlyCount "154"]
[EventDate "2024.07.27"]
[EventType "swiss"]
[EventRounds "9"]
[EventCountry "GBR"]
[SourceTitle "BritBase"]
[Source "John Saunders"]
[SourceDate "2025.02.20"]
[SourceVersion "1"]
[SourceVersionDate "2025.02.20"]
[SourceQuality "1"]

1. c4 e5 2. g3 h5 3. h4 Bc5 4. Nc3 d6 5. Bg2 Nc6 6. a3 a5 7. e3 Nf6 8. d3 O-O 9. Nge2 Bg4 10. b3 Re8 11. Bb2 Rb8 12. Qd2 Bf5 13. Rc1 Qd7 14. O-O Bh3 15. d4 Bxg2 16. Kxg2 exd4 17. exd4 Bb6 18. Qd3 Ne7 19. Nf4 c6 20. Rfd1 d5 21. Qf3 Qf5 22. cxd5 Nexd5 23. Nfxd5 Qxf3+ 24. Kxf3 Nxd5 25. Nxd5 cxd5 26. Re1 f6 27. Re3 Kf7 28. a4 Rxe3+ 29. Kxe3 Re8+ 30. Kd3 Kg6 31. Ba3 Kf5 32. f3 g5 33. Rh1 g4 34. Rf1 Re6 35. f4 Re4 36. Bb2 Ke6 37. Rc1 Kd7 38. Bc3 Bc7 39. Bd2 b6 40. b4 axb4 41. Bxb4 Re8 42. Ra1 Ra8 43. Bc3 Bd6 44. a5 bxa5 45. Rxa5 Rxa5 46. Bxa5 Kc6 47. Be1 Kb5 48. f5 Bc7 49. Bf2 Kb4 50. Be1+ Kb3 51. Bf2 Kb2 52. Kd2 Ba5+ 53. Kd3 Kc1 54. Be3+ Kd1 55. Bg5 Bd8 56. Bd2 Bc7 57. Bg5 Bxg3 58. Bxf6 Be1 59. Ke3 Bb4 60. Be5 Ke1 61. Kf4 Bd2+ 62. Kg3 Ke2 63. f6 Be1+ 64. Kf4 Bxh4 65. f7 Be7 66. Bf6 Bf8 67. Bh4 Kf1 68. Kg5 Kg2 69. Kxh5 Kf3 70. Kg5 g3 71. Bxg3 Kxg3 72. Kf5 Kh4 73. Ke5 Kg5 74. Kxd5 Kf6 75. Kc6 Kxf7 76. d5 Ke8 77. d6 Bxd6 1/2-1/2

[Event "GBR-ch110 Major Open"]
[Site "Hull"]
[Date "2024.07.30"]
[Round "4.17"]
[White "Izod, Chris"]
[Black "Angst, Oliver"]
[Result "1/2-1/2"]
[WhiteElo "1924"]
[BlackElo "2068"]
[PlyCount "143"]
[EventDate "2024.07.27"]
[EventType "swiss"]
[EventRounds "9"]
[EventCountry "GBR"]
[SourceTitle "BritBase"]
[Source "John Saunders"]
[SourceDate "2025.02.20"]
[SourceVersion "1"]
[SourceVersionDate "2025.02.20"]
[SourceQuality "1"]

1. d4 d5 2. Nf3 Nf6 3. c4 e6 4. cxd5 exd5 5. Nc3 c6 6. Qc2 g6 7. Bg5 Be7 8. Bxf6 Bxf6 9. e3 Bf5 10. Bd3 Bxd3 11. Qxd3 O-O 12. b4 b5 13. O-O a5 14. Rab1 axb4 15. Rxb4 Nd7 16. e4 Nb6 17. exd5 Nxd5 18. Rb2 Nxc3 19. Qxc3 Qd7 20. Rc2 Rfc8 21. Qc5 Be7 22. Qe5 Bf8 23. h4 Ra3 24. Rfc1 Bh6 25. Re1 Bg7 26. Qe7 Qf5 27. Rxc6 Bf8 28. Rxc8 Qxc8 29. Qe2 b4 30. Ne5 Rc3 31. Rd1 Rc2 32. Rd2 Rc1+ 33. Kh2 Bd6 34. Qe4 Qe6 35. g3 f6 36. Qa8+ Rc8 37. Qa6 Rf8 38. Qc4 Qxc4 39. Nxc4 Be7 40. Kg2 Rc8 41. Ne3 Kf7 42. Kf3 Ke6 43. Ke2 Bd6 44. Rc2 Rb8 45. Rc6 Kd7 46. Ra6 Rb7 47. Nc4 Be7 48. Kd3 b3 49. axb3 Rxb3+ 50. Ke4 f5+ 51. Ke5 Bd8 52. d5 Rb5 53. Kd4 Rb7 54. Ne5+ Ke8 55. Re6+ Kf8 56. Nc4 Re7 57. Ke5 Rd7 58. Rd6 Bc7 59. Ke6 Re7+ 60. Kf6 Rf7+ 61. Ke6 Re7+ 62. Kf6 Bxd6 63. Nxd6 Re2 64. f4 Rc2 65. Nf7 Rc7 66. Ne5 Ra7 67. d6 Ra6 68. Ke6 Ke8 69. Nf7 Rb6 70. Ne5 Kd8 71. Nf7+ Ke8 72. Ne5 1/2-1/2

[Event "GBR-ch110 Major Open"]
[Site "Hull"]
[Date "2024.07.30"]
[Round "4.18"]
[White "Brencher, Paul"]
[Black "Cancedda-Dupuis, Livio"]
[Result "0-1"]
[WhiteElo "1899"]
[BlackElo "2041"]
[PlyCount "132"]
[EventDate "2024.07.27"]
[EventType "swiss"]
[EventRounds "9"]
[EventCountry "GBR"]
[SourceTitle "BritBase"]
[Source "John Saunders"]
[SourceDate "2025.02.20"]
[SourceVersion "1"]
[SourceVersionDate "2025.02.20"]
[SourceQuality "1"]

1. d4 Nf6 2. Nc3 d5 3. Bf4 a6 4. e3 e6 5. g4 Bb4 6. Nge2 Ne4 7. Bg2 Nxc3 8. Nxc3 b5 9. Qd3 Bb7 10. a3 Be7 11. e4 c6 12. exd5 cxd5 13. Na2 Nc6 14. c3 Qb6 15. b4 O-O 16. O-O Na7 17. Nc1 Nc8 18. Nb3 Qc6 19. Na5 Qd7 20. Nxb7 Qxb7 21. a4 bxa4 22. Rxa4 Nb6 23. Ra2 Rfc8 24. Rfa1 Nc4 25. Bf1 h6 26. Qh3 Bf6 27. Bd3 Rc6 28. Qf3 Rac8 29. Bxh6 Bxd4 30. cxd4 gxh6 31. Qf6 e5 32. Qf5 e4 33. Bxc4 dxc4 34. d5 Rd6 35. Qxe4 Rxd5 36. Qf4 Rcd8 37. f3 Rd1+ 38. Kg2 R8d4 39. Qf5 Qc7 40. Rxd1 Rxd1 41. Re2 c3 42. Qc2 Rd4 43. Qc1 Rxb4 44. Qxh6 Qd8 45. Qc1 Qf6 46. Re8+ Kg7 47. g5 Rb2+ 48. Kg3 Qd6+ 49. f4 Qd4 50. Re3 c2 51. Re4 Qc3+ 52. Re3 Rb1 53. Rxc3 Rxc1 54. Kg2 a5 55. f5 a4 56. h4 a3 57. h5 a2 58. f6+ Kh7 59. Rc7 a1=Q 60. Rxf7+ Kg8 61. Rg7+ Kh8 62. h6 Rg1+ 63. Kh3 Qc3+ 64. Kh4 Rh1+ 65. Kg4 Qh3+ 66. Kf4 c1=Q+ 0-1

[Event "GBR-ch110 Major Open"]
[Site "Hull"]
[Date "2024.07.30"]
[Round "4.19"]
[White "Ashworth, Michael J"]
[Black "Schell, Finn"]
[Result "1/2-1/2"]
[WhiteElo "2013"]
[BlackElo "1887"]
[PlyCount "119"]
[EventDate "2024.07.27"]
[EventType "swiss"]
[EventRounds "9"]
[EventCountry "GBR"]
[SourceTitle "BritBase"]
[Source "John Saunders"]
[SourceDate "2025.02.20"]
[SourceVersion "1"]
[SourceVersionDate "2025.02.20"]
[SourceQuality "1"]

1. d4 d5 2. c4 e6 3. Nc3 Nf6 4. cxd5 exd5 5. Bg5 c6 6. e3 h6 7. Bh4 Be7 8. Bd3 O-O 9. Qc2 Re8 10. Nf3 Ne4 11. Bxe7 Qxe7 12. O-O Bf5 13. Ne5 Nd7 14. Nxd7 Qxd7 15. f3 Nd6 16. Rae1 Bxd3 17. Qxd3 Qf5 18. e4 Qg6 19. b3 Re7 20. Re3 Rae8 21. Rfe1 dxe4 22. fxe4 Kf8 23. Rg3 Qh7 24. e5 Qxd3 25. Rxd3 f6 26. Rf1 Nc8 27. exf6 gxf6 28. Rxf6+ Rf7 29. Rxf7+ Kxf7 30. Kf2 Nb6 31. Re3 Rd8 32. Re4 Nd5 33. Nxd5 Rxd5 34. Ke3 c5 35. dxc5 Rxc5 36. Kf3 Kf6 37. Re3 Rf5+ 38. Kg3 Ra5 39. Re2 Kg5 40. a4 Rc5 41. Re3 a5 42. Kf3 b5 43. axb5 Rxb5 44. Ke2 Rb4 45. Re5+ Kg6 46. Rxa5 Rxb3 47. Re5 Kf6 48. Re3 Rb2+ 49. Kf3 Kf5 50. g4+ Kf6 51. Kg3 h5 52. Rf3+ Kg6 53. h3 hxg4 54. hxg4 Rb6 55. Ra3 Kg5 56. Ra5+ Kg6 57. Kh4 Rc6 58. Rg5+ Kh7 59. Ra5 Kg6 60. Rg5+ 1/2-1/2

[Event "GBR-ch110 Major Open"]
[Site "Hull"]
[Date "2024.07.30"]
[Round "4.20"]
[White "Crawford, Owen"]
[Black "Metcalfe, Charlie P"]
[Result "1-0"]
[WhiteElo "2010"]
[BlackElo "1898"]
[PlyCount "61"]
[EventDate "2024.07.27"]
[EventType "swiss"]
[EventRounds "9"]
[EventCountry "GBR"]
[SourceTitle "BritBase"]
[Source "John Saunders"]
[SourceDate "2025.02.20"]
[SourceVersion "1"]
[SourceVersionDate "2025.02.20"]
[SourceQuality "1"]

1. e4 e6 2. d4 d5 3. Nd2 c5 4. exd5 Qxd5 5. Ngf3 cxd4 6. Bc4 Qd6 7. Ne4 Qb4+ 8. Nfd2 Be7 9. Qg4 g6 10. Qf4 Nd7 11. O-O Ngf6 12. c3 Qb6 13. Bb3 e5 14. Qh6 Bf8 15. Qh4 Be7 16. Ng5 O-O 17. Nde4 h5 18. Nxf7 Rxf7 19. Ng5 Nc5 20. Bxf7+ Kg7 21. cxd4 Nd3 22. dxe5 Nh7 23. e6 Nxc1 24. Qe4 Ne2+ 25. Kh1 Nf4 26. Nxh7 Bxe6 27. Bxe6 Nxe6 28. Rae1 Kf7 29. f4 Bb4 30. Qxe6+ Qxe6 31. Ng5+ 1-0

[Event "GBR-ch110 Major Open"]
[Site "Hull"]
[Date "2024.07.30"]
[Round "4.21"]
[White "Welling, Zac"]
[Black "Adams, Henry"]
[Result "0-1"]
[WhiteElo "1887"]
[BlackElo "2000"]
[PlyCount "76"]
[EventDate "2024.07.27"]
[EventType "swiss"]
[EventRounds "9"]
[EventCountry "GBR"]
[SourceTitle "BritBase"]
[Source "John Saunders"]
[SourceDate "2025.02.20"]
[SourceVersion "1"]
[SourceVersionDate "2025.02.20"]
[SourceQuality "1"]

1. e4 e5 2. Nf3 Nc6 3. Bc4 Bc5 4. c3 Nf6 5. d4 exd4 6. e5 d5 7. Bb5 Ne4 8. cxd4 Bb6 9. Nc3 O-O 10. Be3 Ne7 11. Bd3 f5 12. exf6 Nxf6 13. Qc2 Qe8 14. Ne5 Bxd4 15. Bxd4 Nc6 16. Qd2 Nxe5 17. O-O-O Nxd3+ 18. Qxd3 c6 19. Bc5 Rf7 20. Rhe1 Qd8 21. f3 Nd7 22. Ba3 Nf8 23. Qe3 Bd7 24. Bd6 Qf6 25. Be5 Qf5 26. Ne2 Ng6 27. Bc3 b6 28. Qd4 Qg5+ 29. Kb1 Qxg2 30. h4 Qxf3 31. h5 Qxh5 32. Ka1 c5 33. Qxd5 Qxd5 34. Rxd5 Re8 35. Ng3 Rxe1+ 36. Bxe1 Be6 37. Rd8+ Nf8 38. b4 Rd7 0-1

[Event "GBR-ch110 Major Open"]
[Site "Hull"]
[Date "2024.07.30"]
[Round "4.22"]
[White "Vashisht-Pigem, Raman"]
[Black "Kovalskyi, Roman"]
[Result "1-0"]
[WhiteElo "1863"]
[BlackElo "1989"]
[PlyCount "89"]
[EventDate "2024.07.27"]
[EventType "swiss"]
[EventRounds "9"]
[EventCountry "GBR"]
[SourceTitle "BritBase"]
[Source "John Saunders"]
[SourceDate "2025.02.20"]
[SourceVersion "1"]
[SourceVersionDate "2025.02.20"]
[SourceQuality "1"]

1. e4 c5 2. Nf3 g6 3. d4 cxd4 4. Nxd4 Nc6 5. c4 Nf6 6. Nc3 d6 7. f3 Bg7 8. Be3 O-O 9. Qd2 Nxd4 10. Bxd4 Be6 11. Be2 Qa5 12. O-O Rfc8 13. b3 b5 14. cxb5 Nxe4 15. fxe4 Bxd4+ 16. Qxd4 Rxc3 17. Rac1 Rac8 18. Qd2 Qb4 19. Rxc3 Rxc3 20. Qf4 f6 21. Bg4 Bf7 22. Qf2 Rc7 23. Qe2 Qc5+ 24. Kh1 Qc2 25. Qxc2 Rxc2 26. Ra1 d5 27. exd5 Bxd5 28. Bf3 Bf7 29. h3 e5 30. a4 Bxb3 31. a5 Rb2 32. b6 a6 33. b7 Bc2 34. Rc1 e4 35. Rxc2 Rxb7 36. Bxe4 Rb5 37. Ra2 Rc5 38. Bb7 g5 39. Bxa6 h5 40. Be2 Kg7 41. a6 f5 42. a7 g4 43. hxg4 hxg4 44. a8=Q g3 45. Qa7+ 1-0

[Event "GBR-ch110 Major Open"]
[Site "Hull"]
[Date "2024.07.30"]
[Round "4.23"]
[White "Vaidyanathan, Adithya"]
[Black "Lewis, Christopher D"]
[Result "1/2-1/2"]
[WhiteElo "1985"]
[BlackElo "1885"]
[PlyCount "94"]
[EventDate "2024.07.27"]
[EventType "swiss"]
[EventRounds "9"]
[EventCountry "GBR"]
[SourceTitle "BritBase"]
[Source "John Saunders"]
[SourceDate "2025.02.20"]
[SourceVersion "1"]
[SourceVersionDate "2025.02.20"]
[SourceQuality "1"]

1. Nf3 d5 2. d4 Nf6 3. c4 c6 4. cxd5 cxd5 5. Nc3 g6 6. Bf4 a6 7. e3 Nc6 8. Bd3 Bf5 9. Bxf5 gxf5 10. Be5 e6 11. Qb3 Nxe5 12. dxe5 Nd7 13. Qxb7 Bg7 14. Rd1 Qb8 15. Qc6 Qc8 16. Qa4 O-O 17. O-O Nxe5 18. Nxe5 Bxe5 19. Rd3 Rb8 20. Qc2 Rb4 21. a3 Rc4 22. Rc1 Qc7 23. f4 Bf6 24. Qf2 Rb8 25. Rc2 Bxc3 26. Rdxc3 Rxc3 27. Rxc3 Qxc3 28. bxc3 Rb1+ 29. Qf1 Rxf1+ 30. Kxf1 Kf8 31. Ke2 Ke7 32. Kd3 Kd6 33. c4 Kc5 34. cxd5 Kxd5 35. Kc3 f6 36. Kb4 Ke4 37. Ka5 Kxe3 38. Kxa6 Kxf4 39. a4 e5 40. a5 e4 41. Kb6 e3 42. a6 e2 43. a7 e1=Q 44. a8=Q Qb4+ 45. Kc7 Qc5+ 46. Kd7 Qd4+ 47. Kc7 Ke5 1/2-1/2

[Event "GBR-ch110 Major Open"]
[Site "Hull"]
[Date "2024.07.30"]
[Round "4.24"]
[White "Sasikumar, Srivathsan"]
[Black "Nelson, Jonathan P"]
[Result "0-1"]
[WhiteElo "1900"]
[BlackElo "2143"]
[PlyCount "112"]
[EventDate "2024.07.27"]
[EventType "swiss"]
[EventRounds "9"]
[EventCountry "GBR"]
[SourceTitle "BritBase"]
[Source "John Saunders"]
[SourceDate "2025.02.20"]
[SourceVersion "1"]
[SourceVersionDate "2025.02.20"]
[SourceQuality "1"]

1. e4 e6 2. d4 d5 3. Be3 dxe4 4. Nd2 Nf6 5. c3 b6 6. g3 Bb7 7. Bg2 Nbd7 8. Qc2 Be7 9. Nxe4 Qc8 10. Ne2 O-O 11. O-O-O Bxe4 12. Bxe4 Nxe4 13. Qxe4 c5 14. dxc5 Bxc5 15. h4 Nf6 16. Qf3 Bxe3+ 17. Qxe3 Qc4 18. Kb1 Qe4+ 19. Qxe4 Nxe4 20. Rh2 Rad8 21. Kc1 Rxd1+ 22. Kxd1 Rd8+ 23. Kc1 Rd3 24. Nf4 Rd2 25. Nh3 Re2 26. Rg2 e5 27. a3 Nc5 28. b4 Nd3+ 29. Kd1 Ra2 30. a4 a5 31. bxa5 bxa5 32. g4 Nf4 33. Nxf4 exf4 34. g5 Kf8 35. Rg4 Rxf2 36. Ke1 Rf3 37. Ke2 Re3+ 38. Kd2 Re4 39. Kd3 Rxa4 40. c4 Ra3+ 41. Ke4 f3 42. Rg1 f2 43. Rf1 Ra2 44. Kd3 Ke7 45. c5 Kd7 46. Kc4 Kc6 47. Kd4 f5 48. gxf6 gxf6 49. Kc4 f5 50. h5 a4 51. Kb4 Rb2+ 52. Ka3 Re2 53. Kxa4 Kxc5 54. Kb3 Kd4 55. Kb4 Kd3 56. Kb3 Ke3 0-1

[Event "GBR-ch110 Major Open"]
[Site "Hull"]
[Date "2024.07.30"]
[Round "4.25"]
[White "Sheikh, Anum"]
[Black "Britton, Richard"]
[Result "1/2-1/2"]
[WhiteElo "1862"]
[BlackElo "2112"]
[PlyCount "40"]
[EventDate "2024.07.27"]
[EventType "swiss"]
[EventRounds "9"]
[EventCountry "GBR"]
[SourceTitle "BritBase"]
[Source "John Saunders"]
[SourceDate "2025.02.20"]
[SourceVersion "1"]
[SourceVersionDate "2025.02.20"]
[SourceQuality "1"]

1. e4 c5 2. Nf3 d6 3. d4 cxd4 4. Nxd4 Nf6 5. Nc3 a6 6. h3 e5 7. Nde2 h5 8. Bg5 Be7 9. Ng3 g6 10. Bc4 Be6 11. Bb3 Nbd7 12. Qf3 Qc7 13. Nf1 O-O-O 14. Ne3 Kb8 15. O-O-O Rc8 16. Rd2 Qa5 17. Kb1 Rxc3 18. bxc3 Qxc3 19. Nd1 Qc6 20. Nc3 Rc8 1/2-1/2

[Event "GBR-ch110 Major Open"]
[Site "Hull"]
[Date "2024.07.30"]
[Round "4.26"]
[White "Rastogi, Nayan Keats"]
[Black "Kueh, Audrey"]
[Result "0-1"]
[WhiteElo "1859"]
[BlackElo "2058"]
[PlyCount "66"]
[EventDate "2024.07.27"]
[EventType "swiss"]
[EventRounds "9"]
[EventCountry "GBR"]
[SourceTitle "BritBase"]
[Source "John Saunders"]
[SourceDate "2025.02.20"]
[SourceVersion "1"]
[SourceVersionDate "2025.02.20"]
[SourceQuality "1"]

1. e4 c6 2. d4 d5 3. e5 Bf5 4. Nf3 e6 5. c3 Nd7 6. Be2 a5 7. a4 f6 8. O-O fxe5 9. dxe5 Bc5 10. Bf4 Ne7 11. Re1 O-O 12. Bg3 Qb6 13. Qd2 Be4 14. Nd4 Bxd4 15. cxd4 Nf5 16. Rd1 Nxg3 17. hxg3 Nxe5 18. Nc3 Nd7 19. Nxe4 dxe4 20. Bc4 Rae8 21. Re1 Nf6 22. f3 Kh8 23. fxe4 e5 24. Kh1 exd4 25. e5 Ng4 26. Qg5 Ne3 27. e6 Qxb2 28. Ra2 Qc3 29. Rxe3 Qxc4 30. e7 Rf1+ 31. Kh2 Qc1 32. Kh3 Rh1+ 33. Kg4 Qxe3 0-1

[Event "GBR-ch110 Major Open"]
[Site "Hull"]
[Date "2024.07.30"]
[Round "4.27"]
[White "Zhao, George"]
[Black "Garnett, John S"]
[Result "1/2-1/2"]
[WhiteElo "2034"]
[BlackElo "1879"]
[PlyCount "43"]
[EventDate "2024.07.27"]
[EventType "swiss"]
[EventRounds "9"]
[EventCountry "GBR"]
[SourceTitle "BritBase"]
[Source "John Saunders"]
[SourceDate "2025.02.20"]
[SourceVersion "1"]
[SourceVersionDate "2025.02.20"]
[SourceQuality "1"]

1. d4 Nf6 2. Nf3 c5 3. d5 d6 4. c4 b5 5. cxb5 a6 6. bxa6 g6 7. Nc3 Bxa6 8. e4 Bxf1 9. Kxf1 Bg7 10. g3 O-O 11. Kg2 Na6 12. a4 Nb4 13. Qe2 Qa5 14. Rd1 Rfb8 15. Ra3 Nd7 16. Bf4 Qa6 17. Qxa6 Rxa6 18. Bd2 Nc2 19. Ra2 Nb4 20. Ra3 Nc2 21. Ra2 Nb4 22. Ra3 1/2-1/2

[Event "GBR-ch110 Major Open"]
[Site "Hull"]
[Date "2024.07.30"]
[Round "4.28"]
[White "Chris Biju, Calvin"]
[Black "McBeath, Joel"]
[Result "0-1"]
[WhiteElo "2008"]
[BlackElo "1806"]
[PlyCount "62"]
[EventDate "2024.07.27"]
[EventType "swiss"]
[EventRounds "9"]
[EventCountry "GBR"]
[SourceTitle "BritBase"]
[Source "John Saunders"]
[SourceDate "2025.02.20"]
[SourceVersion "1"]
[SourceVersionDate "2025.02.20"]
[SourceQuality "1"]

1. f4 d5 2. Nf3 g6 3. e3 Bg7 4. d4 Nf6 5. Bd3 O-O 6. Nbd2 c5 7. c3 Nc6 8. O-O Qb6 9. Kh1 Bf5 10. Bxf5 gxf5 11. Ne5 e6 12. Rf3 Nxe5 13. fxe5 Ne4 14. Nxe4 fxe4 15. Rh3 Qd8 16. Qe2 Qe8 17. Bd2 f6 18. exf6 Rxf6 19. Be1 cxd4 20. exd4 Qf7 21. Bh4 Rf5 22. g4 Rf4 23. Bg3 Rf3 24. Rh5 Qg6 25. Be5 Bxe5 26. Rxe5 Raf8 27. Rg1 Qh6 28. Rh5 Qf4 29. Rg2 Rf1+ 30. Rg1 Rf2 31. Qd1 e3 0-1

[Event "GBR-ch110 Major Open"]
[Site "Hull"]
[Date "2024.07.30"]
[Round "4.29"]
[White "Lishoy Gengis Paratazham, Dildarav"]
[Black "Twisk, Sebastian"]
[Result "1/2-1/2"]
[WhiteElo "1966"]
[BlackElo "1802"]
[PlyCount "114"]
[EventDate "2024.07.27"]
[EventType "swiss"]
[EventRounds "9"]
[EventCountry "GBR"]
[SourceTitle "BritBase"]
[Source "John Saunders"]
[SourceDate "2025.02.20"]
[SourceVersion "1"]
[SourceVersionDate "2025.02.20"]
[SourceQuality "1"]

1. e4 c6 2. d4 d5 3. exd5 cxd5 4. c4 Nf6 5. Nc3 Nc6 6. Bg5 Be6 7. Nf3 g6 8. Bxf6 exf6 9. cxd5 Bxd5 10. Bb5 Be7 11. Bxc6+ bxc6 12. O-O O-O 13. Nxd5 Qxd5 14. Qa4 Rfb8 15. Rfc1 Rxb2 16. Qxc6 Qxc6 17. Rxc6 Rab8 18. g3 Kf8 19. Ra6 R8b7 20. Kf1 Ke8 21. Re1 Kd7 22. Re2 R2b6 23. Ra5 Re6 24. Rxe6 fxe6 25. Ra6 Bd8 26. Ra3 Bb6 27. Rc3 Rc7 28. Rxc7+ Kxc7 29. Ke2 Kd6 30. Kd3 Kd5 31. g4 h6 32. h3 g5 33. h4 a6 34. hxg5 hxg5 35. Nd2 Bxd4 36. f3 f5 37. Nf1 Bf2 38. Nd2 Ke5 39. a4 fxg4 40. fxg4 Kf4 41. Ne4 Bb6 42. Nf6 Bd8 43. Nd7 Be7 44. Nb8 Kxg4 45. Nxa6 Bd6 46. Kc4 Kf3 47. Nb4 Bc7 48. Nd3 g4 49. Kc3 g3 50. Kd2 g2 51. Ne1+ Kg3 52. Nxg2 Kxg2 53. Ke3 Kg3 54. Ke4 Kg4 55. a5 Kg5 56. a6 Bb8 57. a7 Bxa7 1/2-1/2

[Event "GBR-ch110 Major Open"]
[Site "Hull"]
[Date "2024.07.30"]
[Round "4.30"]
[White "Patel, Zain"]
[Black "Li, Xiaofan"]
[Result "1/2-1/2"]
[WhiteElo "1958"]
[BlackElo "1798"]
[PlyCount "79"]
[EventDate "2024.07.27"]
[EventType "swiss"]
[EventRounds "9"]
[EventCountry "GBR"]
[SourceTitle "BritBase"]
[Source "John Saunders"]
[SourceDate "2025.02.20"]
[SourceVersion "1"]
[SourceVersionDate "2025.02.20"]
[SourceQuality "1"]

1. d4 d5 2. Nf3 Nf6 3. e3 Bf5 4. Bd3 Bxd3 5. Qxd3 Nbd7 6. O-O e6 7. Nbd2 Be7 8. b3 O-O 9. Bb2 c6 10. e4 dxe4 11. Nxe4 Nxe4 12. Qxe4 Nf6 13. Qe2 Qa5 14. Ne5 Rad8 15. c4 Ba3 16. Rad1 Bxb2 17. Qxb2 c5 18. dxc5 Qxc5 19. Qe2 Qc7 20. h3 Rxd1 21. Rxd1 Rd8 22. Re1 Qa5 23. Rd1 Rxd1+ 24. Qxd1 h6 25. Qe2 Qc3 26. Nf3 Qc1+ 27. Qe1 Qb2 28. Qd2 Qb1+ 29. Kh2 Qe4 30. Qd4 Qxd4 31. Nxd4 Ne4 32. f3 Nc3 33. a4 Kf8 34. c5 Nd5 35. Nb5 a6 36. Nd6 b6 37. Kg3 bxc5 38. Ne4 c4 39. bxc4 Nb6 40. Nc5 1/2-1/2

[Event "GBR-ch110 Major Open"]
[Site "Hull"]
[Date "2024.07.30"]
[Round "4.31"]
[White "Lee, Alexandre Km"]
[Black "Zhang, Junyi"]
[Result "1-0"]
[WhiteElo "1858"]
[BlackElo "1957"]
[PlyCount "61"]
[EventDate "2024.07.27"]
[EventType "swiss"]
[EventRounds "9"]
[EventCountry "GBR"]
[SourceTitle "BritBase"]
[Source "John Saunders"]
[SourceDate "2025.02.20"]
[SourceVersion "1"]
[SourceVersionDate "2025.02.20"]
[SourceQuality "1"]

1. e4 c5 2. Nf3 e6 3. d4 cxd4 4. Nxd4 Nf6 5. Nc3 Nc6 6. Ndb5 Bc5 7. Bf4 O-O 8. Bc7 Qe7 9. Bd6 Bxd6 10. Qxd6 Qd8 11. O-O-O a6 12. Nd4 Ne7 13. h4 Ne8 14. Qh2 b5 15. a3 Bb7 16. f4 Qc7 17. h5 d6 18. h6 g6 19. Rg1 Rc8 20. g4 Qa5 21. Nb3 Qb6 22. Bd3 Qc7 23. Qf2 Nc6 24. Kb1 Na5 25. Rgf1 Nxb3 26. cxb3 Qe7 27. Bc2 Nf6 28. Qe2 Rfd8 29. b4 Ne8 30. Bb3 Nc7 31. Qf2 1-0

[Event "GBR-ch110 Major Open"]
[Site "Hull"]
[Date "2024.07.30"]
[Round "4.32"]
[White "Sinclair, Colin"]
[Black "Davis, Cameron"]
[Result "0-1"]
[WhiteElo "1783"]
[BlackElo "1946"]
[PlyCount "100"]
[EventDate "2024.07.27"]
[EventType "swiss"]
[EventRounds "9"]
[EventCountry "GBR"]
[SourceTitle "BritBase"]
[Source "John Saunders"]
[SourceDate "2025.02.20"]
[SourceVersion "1"]
[SourceVersionDate "2025.02.20"]
[SourceQuality "1"]

1. b3 e5 2. Bb2 Nc6 3. e3 d5 4. Nf3 e4 5. Ne5 Nxe5 6. Bxe5 Nf6 7. Bb2 Bd6 8. d3 O-O 9. Nd2 Re8 10. dxe4 dxe4 11. Nc4 Bb4+ 12. c3 Bc5 13. Qc2 a6 14. Rd1 Qe7 15. Be2 Bf5 16. h3 h5 17. Kd2 a5 18. Kc1 b5 19. Nd2 b4 20. c4 a4 21. g4 axb3 22. axb3 hxg4 23. Rdg1 gxh3 24. Rg5 Qe6 25. Nf1 Bd6 26. Ng3 Bg6 27. Bf1 Nh7 28. Bxh3 Qe7 29. Rd5 c6 30. Rxd6 Qxd6 31. Nf5 Qd3 32. Rd1 Qxc2+ 33. Kxc2 Ng5 34. Bg4 Bxf5 35. Bxf5 Red8 36. Rg1 f6 37. Rg4 Kf7 38. Bxe4 Nxe4 39. Rxe4 Rd7 40. Rh4 Rad8 41. Rd4 Ke6 42. c5 Rxd4 43. Bxd4 Kd5 44. Kd3 Rb8 45. e4+ Ke6 46. Kc4 g6 47. Be3 Ke5 48. f3 Rd8 49. Kxb4 Rd3 50. Bh6 Rxf3 0-1

[Event "GBR-ch110 Major Open"]
[Site "Hull"]
[Date "2024.07.30"]
[Round "4.33"]
[White "Vaddhireddy, Sai"]
[Black "Carmichael, Ned"]
[Result "1-0"]
[WhiteElo "1724"]
[BlackElo "1924"]
[PlyCount "53"]
[EventDate "2024.07.27"]
[EventType "swiss"]
[EventRounds "9"]
[EventCountry "GBR"]
[SourceTitle "BritBase"]
[Source "John Saunders"]
[SourceDate "2025.02.20"]
[SourceVersion "1"]
[SourceVersionDate "2025.02.20"]
[SourceQuality "1"]

1. d4 d5 2. c4 c6 3. Nf3 Nf6 4. g3 dxc4 5. Bg2 b5 6. Ne5 Bb7 7. O-O e6 8. a4 Qc7 9. b3 cxb3 10. Qxb3 a6 11. Bb2 Bd6 12. Rc1 O-O 13. Nd2 Nfd7 14. Nd3 e5 15. Ne4 exd4 16. axb5 c5 17. Bxd4 Qb6 18. Bxg7 Kxg7 19. Nxd6 Bxg2 20. Nf5+ Kf6 21. Kxg2 Qb7+ 22. f3 Kxf5 23. Nxc5 Nxc5 24. Rxc5+ Kg6 25. Ra4 f5 26. Qd3 Qe7 27. Rg4+ 1-0

[Event "GBR-ch110 Major Open"]
[Site "Hull"]
[Date "2024.07.30"]
[Round "4.34"]
[White "Rich, Aaron"]
[Black "Bedi, Adam"]
[Result "1-0"]
[WhiteElo "1799"]
[BlackElo "1903"]
[PlyCount "57"]
[EventDate "2024.07.27"]
[EventType "swiss"]
[EventRounds "9"]
[EventCountry "GBR"]
[SourceTitle "BritBase"]
[Source "John Saunders"]
[SourceDate "2025.02.20"]
[SourceVersion "1"]
[SourceVersionDate "2025.02.20"]
[SourceQuality "1"]

1. b3 e5 2. Bb2 Nc6 3. e3 d5 4. Bb5 Bd6 5. Ne2 Nf6 6. O-O O-O 7. f4 exf4 8. Nxf4 Ne5 9. Qe1 c6 10. Be2 Re8 11. Nc3 Ng6 12. Nxg6 hxg6 13. Qh4 Qc7 14. Rxf6 Bxh2+ 15. Qxh2 Qxh2+ 16. Kxh2 gxf6 17. Na4 Kg7 18. Rf1 Bf5 19. g4 Bxc2 20. Bxf6+ Kg8 21. Kg3 Re6 22. Nc5 Rae8 23. Nxe6 fxe6 24. d3 e5 25. Rh1 Kf7 26. g5 e4 27. d4 a5 28. Rh7+ Ke6 29. Bg4+ 1-0

[Event "GBR-ch110 Major Open"]
[Site "Hull"]
[Date "2024.07.30"]
[Round "4.35"]
[White "Ashworth, Robert M"]
[Black "Neenan, Henry"]
[Result "1-0"]
[WhiteElo "1845"]
[BlackElo "1793"]
[PlyCount "117"]
[EventDate "2024.07.27"]
[EventType "swiss"]
[EventRounds "9"]
[EventCountry "GBR"]
[SourceTitle "BritBase"]
[Source "John Saunders"]
[SourceDate "2025.02.20"]
[SourceVersion "1"]
[SourceVersionDate "2025.02.20"]
[SourceQuality "1"]

1. e4 c6 2. d4 d5 3. Nc3 dxe4 4. Nxe4 Bf5 5. Ng3 Bg6 6. Nf3 Nd7 7. Bd3 e6 8. O-O Ngf6 9. Re1 Be7 10. c4 O-O 11. Bxg6 hxg6 12. Bd2 Qc7 13. Rc1 Rfe8 14. b4 b6 15. Qb3 Rad8 16. Ne2 c5 17. dxc5 bxc5 18. b5 Ne5 19. Nxe5 Qxe5 20. Ng3 Qc7 21. Bc3 Bd6 22. Qa4 Rd7 23. Rcd1 Qb8 24. Rd3 Red8 25. h3 Qb7 26. Rf3 Bxg3 27. fxg3 Rd3 28. Bxf6 gxf6 29. Ref1 Rd2 30. Qb3 Qe4 31. Qc3 f5 32. a4 R8d3 33. Qc1 Qe2 34. R3f2 Qe3 35. Qe1 Rxf2 36. Qxf2 Qxf2+ 37. Rxf2 Rxg3 38. Rf3 Rg5 39. a5 Rh5 40. Rd3 Rh4 41. Rd8+ Kg7 42. b6 axb6 43. axb6 Rxc4 44. b7 Rb4 45. b8=Q Rxb8 46. Rxb8 c4 47. Rc8 c3 48. Rxc3 g5 49. Kf2 Kg6 50. g3 Kf6 51. Kf3 Kg6 52. Ke3 Kf6 53. Kd4 Kg7 54. Ke5 Kg6 55. Rc8 Kg7 56. Rb8 Kg6 57. Rg8+ Kh7 58. Rxg5 Kh6 59. h4 1-0